000 00311nam a22001457a 4500
008 210312b ||||| |||| 00| 0 eng d
020 _a0060428260
041 _aeng
080 _22nd
_a591
082 _22nd
_a591
100 _a7
101 _aZOO
245 _aAnimal Physiology
_cHill,W.R
942 _2udc
_cBK
999 _c56584
_d56584